| 000 | 00456nam a22001697a 4500 | ||
|---|---|---|---|
| 005 | 20210423055727.0 | ||
| 008 | 210222b1971 ||||| |||| 00| 0 eng d | ||
| 040 | _cDLC | ||
| 080 |
_a821.111 _bM-96 |
||
| 100 |
_91073 _aMurdoch.Iris |
||
| 245 | _aUnder the net | ||
| 260 |
_aNew York _bBard books _c1971 |
||
| 300 | _a256 p.: | ||
| 650 | 0 |
_9247 _aEnglish literature |
|
| 653 | _aინგლისური ლიტერატურა | ||
| 942 |
_2udc _cBK |
||
| 999 |
_c1656 _d1656 |
||